000 00885nam a2200193 a 4500
001 48801
005 20180714033233.0
008 140415s2004 sp 000 0 spa d
020 _a9580483647
041 _aspa
082 _a658.4092
_bLOW
100 1 _aLOWNEY, CHRIS
245 1 3 _aEL LIDERAZGO AL ESTILO DE LOS JESUITAS :
_bLAS MEJORES PRÁCTICAS
250 _a1a ed.
260 _aESPAÑA :
_bNORMA,
_c2004
300 _a292
_c14 x 2.6 x 23
520 _aLOS LÍDERES HACEN GRADES COMPAÑIAS PERO POCOS ENTENDEMOS DE VERDAD CÓMO VOLVERNOSY HACER QUE OTROS SE VUELVAN GRANDES LÍDERES. EN EL PROCESO, LOS JESUITAS CONSTRUYERON UNA DE LAS COMPAÑIAS MÁS EXITOSAS DEL MUNDO. EL PREDURABLE EXITO DE LOS JESUITAS DESCANSA SOBRE CUATRO PILARES ESENCIALES DEL LIDERAZGO: AUTOCONOCIMIENTO, CREATIVIADAD, AMOR Y HEROÍSMO.
650 1 4 _aJESUITAS
_xHISTORIA
_xLIDERAZGO
999 _c48801
_d48801